Amores insólitos de nuestra historia / (Registro nro. 3540)

Detalles MARC
000 -LEADER
fixed length control field 01256nam a2200265Ia 4500
003 - CONTROL NUMBER IDENTIFIER
control field OSt
005 - DATE AND TIME OF LATEST TRANSACTION
control field 20250415165841.0
008 - FIXED-LENGTH DATA ELEMENTS--GENERAL INFORMATION
fixed length control field 191128s2001 ag er 000 f spa d
020 ## - INTERNATIONAL STANDARD BOOK NUMBER
International Standard Book Number 9505117213
040 ## - CATALOGING SOURCE
Original cataloging agency CO-JMCR
Transcribing agency CO-JMCR
041 0# - LANGUAGE CODE
Language code of text/sound track or separate title spa
082 04 - DEWEY DECIMAL CLASSIFICATION NUMBER
Classification number A-N
Item number LOJa
100 1# - MAIN ENTRY--PERSONAL NAME
Personal name Lojo, María Rosa,
Relator term autora
9 (RLIN) 1376
245 10 - TITLE STATEMENT
Title Amores insólitos de nuestra historia /
Statement of responsibility, etc. María Rosa Lojo
250 ## - EDITION STATEMENT
Edition statement Primera edición
260 ## - PUBLICATION, DISTRIBUTION, ETC.
Place of publication, distribution, etc. Buenos Aires :
Name of publisher, distributor, etc. Alfaguara,
Date of publication, distribution, etc. 2001
300 ## - PHYSICAL DESCRIPTION
Extent 356 páginas ;
Dimensions 24 cm.
500 ## - GENERAL NOTE
General note Incluye datos biográficos de la autora en solapa.
504 ## - BIBLIOGRAPHY, ETC. NOTE
Bibliography, etc. note Bibliografía: páginas 341-353
520 ## - SUMMARY, ETC.
Summary, etc. Éxtasis y desdicha, violencia y paz, fugacidad y permanencia, el amor aparece como la eterna contradicción y, a la vez, como la instancia superadora de todas las antinomias. Si esta experiencia extraordinaria es -en principio- un patrimonio compartido por todos los seres humanos ¿qué tienen de insólitos estos amores de nuestra historia? En ellos se exacerban las distancias y las diferencias (de clase, raza, cultura, edad, poder) para bien y para mal de los amantes.
650 14 - SUBJECT ADDED ENTRY--TOPICAL TERM
Topical term or geographic name entry element Novela argentina
9 (RLIN) 32
650 14 - SUBJECT ADDED ENTRY--TOPICAL TERM
Topical term or geographic name entry element Novela amorosa
9 (RLIN) 184
650 14 - SUBJECT ADDED ENTRY--TOPICAL TERM
Topical term or geographic name entry element Pasión en la literatura
9 (RLIN) 1377
942 ## - ADDED ENTRY ELEMENTS (KOHA)
Source of classification or shelving scheme Dewey Decimal Classification
Koha item type Books
Existencias
Withdrawn status Lost status Source of classification or shelving scheme Damaged status Not for loan Collection code Home library Current library Date acquired Source of acquisition Cost, normal purchase price Total Checkouts Full call number Barcode Date last seen Date last checked out Copy number Price effective from Koha item type
    Dewey Decimal Classification     Fiction Biblioteca Pública José María del Castillo y Rada Biblioteca Pública José María del Castillo y Rada 05/30/2018 Donación 0.00 1 A-N LOJa 201807402 03/12/2020 03/12/2020 Ej.1 11/28/2019 Books